Statistiques concernant They Shoot Pictures, Don't They? - films 261 à 280

Cliquez ici pour prendre le quiz!

Statistiques générales

  • Ce quiz a été pris 39 fois
  • Le résultat moyen est 6 sur 20

Statistiques - réponses

Réponse% Correct
The Big Lebowski
97%
Trois couleurs : Rouge
59%
Fargo
55%
Heat
55%
Le Lauréat
55%
Le Cabinet du docteur Caligari
38%
Oncle Boonmee, celui qui se souvient de ses vies antérieures
38%
Le Rayon Vert
31%
Vérités et mensonges
31%
Goodbye, Dragon Inn
24%
Le Château de l'araignée
21%
Le Trésor de la Sierra Madre
21%
Loulou
21%
Nuit et brouillard
21%
Rendez-vous
21%
La Noire de…
17%
Tout ce que le ciel permet
7%
Jour de colère
3%
L'Ascension
3%
Les Contes des chrysanthèmes tardifs
0%

Distribution des résultats

Percentile par nombre de réponses

% des personnes avec chaque résultat

Votre développement - résultats

Vous n’avez pas pris ce quiz